| 000 | 00423nam a2200145Ia 4500 | ||
|---|---|---|---|
| 008 | 231129s1997||||xx |||||||||||||| ||spa|| | ||
| 020 | _a958-18-0159-6 | ||
| 040 | _bspa | ||
| 082 | _a986.102 Z23n | ||
| 100 | _aZambrano P. Fabio | ||
| 245 | 0 | _aNuevas cronicas de indias | |
| 260 | _c1997 | ||
| 264 | _aPresidencia de la Republica ; Imprenta Nacional de Colombia | ||
| 942 |
_2ddc _cBKS |
||
| 999 |
_c21878 _d21878 |
||